One-Name TV Titles by Image Quiz Stats

 Plays Quiz Updated Sep 29, 2014

Challenge
Share
Tweet
Score 0/20 Timer 05:00
0 Plays Today
Column TV Show % Correct
Column 1Batman
97%
Column 2Lassie
96.4%
Column 3Seinfeld
91.7%
Column 2ALF
90.3%
Column 4Frasier
89.7%
Column 3Roseanne
88%
Column 1Monk
84.1%
Column 3Flipper
81%
Column 1Dexter
71.3%
Column 2Bones
71%
Column TV Show % Correct
Column 4Columbo
69%
Column 1Matlock
64.8%
Column 5Kojak
61.8%
Column 1Castle
55.5%
Column 3Maude
52.9%
Column 4Rhoda
52.1%
Column 2Benson
41.9%
Column 5Ironside
38%
Column 5Alice
37.7%
Column 2Fish
31.7%

You're not logged in!

Compare scores with friends on all Sporcle quizzes.
Join for Free
OR
Log In

You Might Also Like...

Show Comments

Extras

Top Quizzes Today


Score Distribution

Your Account Isn't Verified!

In order to create a playlist on Sporcle, you need to verify the email address you used during registration. Go to your Sporcle Settings to finish the process.

Report this User

Report this user for behavior that violates our Community Guidelines.

Details: